Psicología del aprendizaje
Uloženo v:
| Hlavní autor: | |
|---|---|
| Médium: | Kniha |
| Jazyk: | španělština |
| Vydáno: |
Ciudad de México
Siglo Veintiuno
1973
|
| Vydání: | 5a. ed |
| Témata: | |
| Tagy: |
Přidat tag
Žádné tagy, Buďte první, kdo vytvoří štítek k tomuto záznamu!
|
MARC
| LEADER | 00000nam a2200000 a 4500 | ||
|---|---|---|---|
| 001 | UCG1740 | ||
| 003 | CL-VaPUC | ||
| 008 | 100520e19730000MX |||||||||||||||||spa|d | ||
| 082 | 0 | 4 | |a 370.15 |b ARD |2 21 |
| 100 | 0 | |a Ardila, Rubén |e author |9 549733 | |
| 245 | 1 | 0 | |a Psicología del aprendizaje |
| 250 | |a 5a. ed | ||
| 300 | |a 236 p | ||
| 942 | |c BK | ||
| 945 | |d 20100520 00:00:00 |a rbrito | ||
| 260 | |a Ciudad de México |b Siglo Veintiuno |c 1973 | ||
| 650 | 0 | |a Psicología del aprendizaje |9 306854 | |
| 583 | |a last modification |c 20100520 00:00:00 |k Rodrigo Vera | ||
| 999 | |c 341003 |d 341001 | ||
| 952 | |0 0 |1 0 |4 0 |6 370_150000000000000_ARD_1973 |7 0 |8 P |9 436214 |a BIBEDU |b BIBEDU |c BIBEDU_PB |d 2019-11-22 |i 4675533 |o 370.15 ARD 1973 |p 4675533 |r 2024-01-25 |w 2019-11-22 |y BK |k EPE | ||